000 00476nam a22001577a 4500
005 20210818182359.0
007 ta
008 200910b ||||| |||| 00| 0 eng d
020 _a9780194602822
040 _acobobit
_ccobobit
245 _asmart choice
_bsmart choice new activities for smartphones
250 _atercera edición
264 _aOxford University Press 2016
_bKen Wilson
_c2016
760 _bTercera
942 _2ddc
_etercera
_h428 w746s
999 _c15929
_d15929